| 000 | 00402nam a2200169Ia 4500 | ||
|---|---|---|---|
| 008 | 210210b1957 xxu||||| |||| 00| 0 eng d | ||
| 041 | _aeng | ||
| 082 | _a825/923 | ||
| 100 | _aWIMMATT | ||
| 245 | _aLiterary criticism | ||
| 260 |
_aLondon _bRoutledge & Kegan Paul Ltd. _c1957 |
||
| 650 | _aLiterary | ||
| 650 | _acriticism | ||
| 690 | _aEnglish Criticism | ||
| 700 | _aBROOKES | ||
| 906 | _a015239 | ||
| 999 |
_c134556 _d134556 |
||